Daňové priznanie k dani z príjmov fyzickej osoby za zdaňovacie obdobie roka 2013

Niektoré skutočnosti dôležité pre správny výpočet a vyrovnanie daňovej povinnosti k dani z príjmov fyzickej osoby prostredníctvom DP za rok 2013.

Salvato in:
Dettagli Bibliografici
Autore principale: Jambrichová, Silvia
Natura: Capitolo di libro
Lingua:slovacco
Soggetti:
Tags: Aggiungi Tag
Nessun Tag, puoi essere il primo ad aggiungerne!!

MARC

LEADER 00000naa a2200000 4500
001 0182584
005 20231208090416.5
041 0 |a slo 
044 |a SK 
245 1 0 |a Daňové priznanie k dani z príjmov fyzickej osoby za zdaňovacie obdobie roka 2013  |c Silvia Jambrichová 
520 |a Niektoré skutočnosti dôležité pre správny výpočet a vyrovnanie daňovej povinnosti k dani z príjmov fyzickej osoby prostredníctvom DP za rok 2013. 
610 2 0 |a zákony 
610 2 0 |a Slovensko 
610 2 0 |a osoby fyzické 
610 2 0 |a dane z príjmov 
610 2 0 |a priznania daňové 
100 1 |a Jambrichová, Silvia